Giáo trình nhiệt kỹ thuật : Động cơ đốt trong

Đã lưu trong:
Sonraí Bibleagrafaíochta
Údar Corparáideach: Trường Đại học Sư phạm
Formáid: Leabhar
Teanga:Undetermined
Foilsithe: Hà Nội Tr.ĐHSP [198..]
Ábhair:
Clibeanna: Cuir Clib Leis
Gan Chlibeanna, Bí ar an gcéad duine leis an taifead seo a chlibeáil!
Thư viện lưu trữ: Trung tâm Học liệu Trường Đại học Cần Thơ
LEADER 00563nam a2200181Ia 4500
001 CTU_46259
008 210402s9999 xx 000 0 und d
082 |a 621.43 
082 |b Tr561 
110 |a Trường Đại học Sư phạm 
245 0 |a Giáo trình nhiệt kỹ thuật : 
245 0 |b Động cơ đốt trong 
245 0 |c Trường Đại học Sư phạm 
260 |a Hà Nội 
260 |b Tr.ĐHSP 
260 |c [198..] 
650 |a internal combustion engines 
980 |a Trung tâm Học liệu Trường Đại học Cần Thơ